Statistics for North American Bird-Named Teams

Click here to take the quiz!

General Stats

  • This quiz has been taken 41,307 times
    (35,188 since last reset)
  • The average score is 8 of 12

Answer Stats

Team% Correct
St. Louis Cardinals
87%
Arizona Cardinals
87%
Philadelphia Eagles
84%
Atlanta Hawks
78%
Toronto Blue Jays
76%
Atlanta Falcons
75%
Seattle Seahawks
73%
Baltimore Ravens
69%
Baltimore Orioles
67%
New Orleans Pelicans
50%
Pittsburgh Penguins
49%
Anaheim Ducks
41%

Score Distribution

Percentile by Number Answered

Percent of People with Each Score

Your Score History

You have not taken this quiz since the last reset